00729nam a2200241Ia 450000500170000000800410001702000150005808200210007324500770009426000390017130000150021065000100022565000170023565000220025265000230027465000100029770000160030770000230032370000230034694200060036995200970037599900150047220250217023618.0240331s9999 xx 000 0 und d a0415075416 bRAI23941a305.4 0aWomen in the Face of Change:bThe Soviet Union, Eastern Europe and China aNew York;aLondonbRoutledgec1992 ax, 227 p., aWomen aSoviet Union aPolitical Economy aGender Identities  aChina aRai, Seedt aPilkington, Heedt aPhizacklea, Aeedt cL 001040708LaWERCLbWERCLcSSCd2024-03-31l0o 305.4 WOMp3941r2024-03-31w2024-03-31yL c1727d1727